000 02620cam a2200277 4500500
005 20260322004440.0
041 _afre
042 _adc
100 1 0 _aDroff, Josselin
_eauthor
700 1 0 _aMalizard, Julien
_eauthor
245 0 0 _aLes nouvelles frontières de l’industrie de défense
260 _c2025.
500 _a100
520 _aThe conflict in Ukraine is a catalyst for the dynamics driving the defense ecosystem. In questioning the frontiers of the defense industry, this article focuses on the interactions between public and private players and the evolution of different modes of innovation. Two markets with very different characteristics are highlighted. The first is the “traditional” market, specialized in major equipment and concentrated on a small number of players due to barriers to entry. A second, so-called “emerging” market, completes the supply side of the market with players often coming from the civilian sector, fewer barriers to entry, and in which new firms can easily emerge. This distinction highlights recent developments within this ecosystem and identifies the different strategies adopted by players, particularly in terms of innovation.
520 _aLe conflit en Ukraine est un catalyseur des dynamiques qui animent l’écosystème de défense. En questionnant les frontières de l’industrie de défense, cet article s’intéresse plus particulièrement aux interactions entre les acteurs publics et privés et à l’évolution des différents modes d’innovation. Deux marchés aux caractéristiques très différentes sont mis en avant. Un premier marché « traditionnel » est spécialisé dans les équipements majeurs et concentré autour d’un petit nombre d’acteurs à cause de barrières à l’entrée. Un second marché, dit « émergent », complète l’offre existante avec des acteurs bien souvent issus du civil, moins de barrières à l’entrée et sur lequel des entreprises peuvent émerger facilement. Cette distinction met en évidence les évolutions récentes au sein de cet écosystème et identifie les différentes stratégies des acteurs, notamment en matière d’innovation.
690 _adualité
690 _aindustrie de défense
690 _ainnovation
690 _anew defense
690 _adefense industry
690 _aduality
690 _ainnovation
690 _anew defense
786 0 _nRegards croisés sur l'économie | 36 | 1 | 2025-07-21 | p. 124-134 | 1956-7413
856 4 1 _uhttps://shs.cairn.info/revue-regards-croises-sur-leconomie-2025-1-page-124?lang=fr&redirect-ssocas=7080
999 _c1740469
_d1740469